Прочность материалов и конструкций: [сборник]; Труды Ленинградского политехнического института имени М. И. Калинина

Bibliografske podrobnosti
Parent link:Труды Ленинградского политехнического института имени М. И. Калинина: [сборник]/ Ленинградский политехнический институт им. М. И. Калинина (ЛПИ). № 196: Прочность материалов и конструкций.— , 1941-
Jezik:ruščina
angleščina
Izdano: Ленинград, Машгиз, 1958
Teme:
Format: MixedMaterials Knjiga
KOHA link:https://koha.lib.tpu.ru/cgi-bin/koha/opac-detail.pl?biblionumber=353123

MARC

LEADER 00000nam2a2200000 4500
001 353123
005 20231102010549.0
035 |a (RuTPU)RU\TPU\retro\10176 
035 |a RU\TPU\retro\10169 
090 |a 353123 
100 |a 20200310d1958 k y0rusy50 ca 
101 0 |a rus  |a eng 
102 |a RU 
200 0 |a Прочность материалов и конструкций  |e [сборник]  |f под ред. В. С. Смирнова  |v № 196 
210 |a Ленинград  |a Москва  |c Машгиз  |d 1958 
215 |a 152 стр. 
461 1 |0 (RuTPU)RU\TPU\retro\9721  |t Труды Ленинградского политехнического института имени М. И. Калинина  |o [сборник]  |f Ленинградский политехнический институт им. М. И. Калинина (ЛПИ)  |v № 196: Прочность материалов и конструкций  |d 1941-  
606 1 |a Сопротивление материалов  |x Математические методы  |2 stltpush  |3 (RuTPU)RU\TPU\subj\71875  |9 85576 
610 1 |a осесиметричные задачи 
610 1 |a элиптические координаты 
610 1 |a напряжения 
610 1 |a концентрации 
610 1 |a открытые полости 
610 1 |a упругие плоскости 
610 1 |a ортотропные балки 
610 1 |a изгиб 
610 1 |a температуры 
610 1 |a упруго-пластические состояния 
610 1 |a деформации 
610 1 |a сплошные среды 
801 1 |a RU  |b 63413507  |c 20160623 
801 2 |a RU  |b 63413507  |c 20200208  |g RCR 
801 2 |a RU  |b 63413507  |c 20200603  |g RCR 
942 |c BK